| 000 | 00436cam a2200181ua 4500 | ||
|---|---|---|---|
| 001 | 9962 | ||
| 008 | 170209n ii |||gr||||Z||||||eng | ||
| 020 | _a8127210617 | ||
| 040 | _cMAIN | ||
| 041 | _aeng | ||
| 082 | _a332.4 | ||
| 100 |
_aPaul. R.R., _eAuthor. |
||
| 245 |
_aMoney banking and international trade _cBy R.R. Paul |
||
| 260 |
_aLudhiana: _bKalyani, _c2005. |
||
| 300 | _a214D. | ||
| 653 | _aFinancial economics | ||
| 942 | _cBK | ||
| 999 |
_c8966 _d8966 |
||